El Estado mexicano : (Record no. 144829)

MARC details
000 -CABECERA
campo de control de longitud fija 00907nam a2200253 u 4500
005 - FECHA Y HORA DE LA ÚLTIMA TRANSACCIÓN
campo de control 20240919063850.0
008 - ELEMENTOS DE LONGITUD FIJA--INFORMACIÓN GENERAL
campo de control de longitud fija 090929s2005 mx r 000 0 spa d
020 ## - NÚMERO INTERNACIONAL NORMALIZADO PARA LIBROS
Número Internacional Estándar del Libro 9707016582
035 ## - NÚMERO DE CONTROL DEL SISTEMA
Número de control de sistema UPN01000172725
049 ## - COLECCIÓN
Colección CG
050 #4 - SIGNATURA TOPOGRÁFICA DE LA BIBLIOTECA DEL CONGRESO
Número de clasificación JL1224
Número de documento/Ítem E8.7
245 03 - MENCIÓN DE TÍTULO
Título El Estado mexicano :
Resto del título herencias y cambios /
Mención de responsabilidad, etc. coord. Alberto Aziz Nassif.
260 ## - PUBLICACIÓN, DISTRIBUCIÓN, ETC.
Lugar de publicación, distribución, etc. México :
Nombre del editor, distribuidor, etc. CIESAS :
-- Miguel Angel Porrúa,
Fecha de publicación, distribución, etc. 2005.
300 ## - DESCRIPCIÓN FÍSICA
Extensión 3 v. :
Otras características físicas cuadros, gráfs.
440 #0 - MENCIÓN DE SERIE/ASIENTO SECUNDARIO--TÍTULO
Título Sociedades.
Nombre de parte o sección de la obra Historias.
-- Lenguajes
500 ## - NOTA GENERAL
Nota general La biblioteca tiene el v.1
505 8# - NOTA DE CONTENIDO CON FORMATO PREESTABLECIDO
Nota de contenido con formato Contenido parcial:
Información miscelánea v.1.
Título Globalización, poderes y seguridad nacional
651 #4 - ASIENTO SECUNDARIO DE MATERIA - NOMBRE GEOGRAFICO
Nombre geográfico México
Subdivisión general Política y gobierno
9 (RLIN) 4512
650 #4 - ASIENTO SECUNDARIO DE MATERIA - TERMINO TEMATICO
Término de materia o nombre geográfico como elemento de entrada ESTADO NACIONAL
9 (RLIN) 3818
651 #4 - ASIENTO SECUNDARIO DE MATERIA - NOMBRE GEOGRAFICO
Nombre geográfico MEXICO -
Subdivisión general SEGURIDAD NACIONAL
9 (RLIN) 16184
700 1# - ASIENTO SECUNDARIO--NOMBRE DE PERSONAL
Nombre de persona Aziz Nassif, Alberto,
Fechas asociadas al nombre 1955-
Término indicativo de función/relación coord.
9 (RLIN) 31850
740 0# - ASIENTO SECUNDARIO - TÍTULOS RELACIONADOS /ANALITICOS NO CONTROLADOS
Título relacionado o analítico no controlado Globalización, poderes y seguridad nacional
905 ## - TIPO DE MATERIAL
Tipo de material Libro
Holdings
Estado de retiro Estado de pérdida Fuente del sistema de clasificación o colocación Estado dañado No para préstamo Código de colección Localización permanente Ubicación/localización actual Ubicación en estantería Enumeración/cronología de publicación seriada Total de préstamos Clasificación Código de barras Fecha visto por última vez Número de copia Tipo de ítem Koha
    Library of Congress Classification     Colección General Bib. Gregorio Torres Quintero Bib. Gregorio Torres Quintero Planta baja v.1 3 JL1224 E8.7 266415 31/12/2020 1 Libro